Statistics for Taylor Swift - guess the song with no hints ⭒3

Click here to take the quiz!

General Stats

  • This quiz has been taken 2,594 times
  • The average score is 327 of 428

Answer Stats

Answer% Correct
I
100%
"I
100%
(I
100%
A
98%
a
98%
you
98%
you)
98%
the
96%
me
94%
And
91%
when
91%
When
91%
he
90%
love,
90%
my
90%
in
89%
In
89%
to
89%
your
89%
"Do
87%
do?
87%
on
86%
then
84%
of
83%
They
83%
can
82%
say,
82%
I'm
81%
(too
81%
too
81%
you're
81%
don't
80%
Don't
80%
have
79%
all
78%
as
78%
by
77%
But
74%
think
74%
want
74%
was
74%
it's
73%
still
72%
been
71%
Best
71%
man?"
71%
remember"
71%
room
71%
up
71%
walk
71%
we're
71%
ask,
70%
Did
70%
I've
70%
make
70%
girl
69%
girl)
69%
heart
69%
out
69%
place
69%
time
69%
Baby
68%
bejeweled
68%
got
68%
(shimmer)
68%
shimmer
68%
some
68%
whole
68%
believe
67%
eyes
67%
good
67%
meet
67%
mind
67%
put
67%
real,
67%
real
67%
said
67%
their
67%
way,
67%
nice
66%
Nice
66%
(nice),
66%
band
65%
Just
65%
little
65%
boy,
64%
diamond's
64%
Diamonds
64%
gave
64%
going
64%
basement
63%
'cause
63%
kind
63%
night
63%
shoes
63%
tonight
63%
miss
62%
only
62%
penthouse
62%
Didn't
61%
polish
61%
present
61%
first
60%
over
60%
top
60%
five
59%
gonna
59%
What's
59%
Familiarity
58%
someone
58%
try
58%
gotta
57%
peace
57%
shine
57%
works
57%
world
57%
credit,
56%
extra
56%
lessons
56%
sparkling
56%
change
55%
heard?
55%
made
55%
Puttin'
55%
teach
55%
walking
55%
land
54%
notice
54%
wait
54%
curve
53%
high
53%
line
53%
breeds
52%
might
52%
reclaim
52%
sky
52%
contempt
51%
dancin'
50%
graded
50%
guy
50%
face
49%
(ah,
48%
moonstone
48%
tears
48%
aura's
47%
Sapphire
46%
Sadness
44%
became
43%
hey)
28%
(huh),
28%
(Huh)
28%

Score Distribution

Percentile by Number Answered

Percent of People with Each Score

Your Score History

You have not taken this quiz